PRINCIPLES OF PHYSICS (For Class XII ) (Record no. 3652)
[ view plain ]
| 000 -LEADER | |
|---|---|
| fixed length control field | 00430cam a2200181ua 4500 |
| 008 - FIXED-LENGTH DATA ELEMENTS--GENERAL INFORMATION | |
| fixed length control field | 160625n1989 II |||gr||||Z||||||eng |
| 040 ## - CATALOGING SOURCE | |
| Original cataloging agency | MAIN |
| 041 ## - LANGUAGE CODE | |
| -- | English |
| 082 ## - DEWEY DECIMAL CLASSIFICATION NUMBER | |
| Classification number | 530 SUB |
| 100 ## - MAIN ENTRY--PERSONAL NAME | |
| Personal name | SUBRAHMANYA, BRIj. |
| 245 ## - TITLE STATEMENT | |
| Title | PRINCIPLES OF PHYSICS (For Class XII ) |
| 250 ## - EDITION STATEMENT | |
| Edition statement | REP795.00. |
| 260 ## - PUBLICATION, DISTRIBUTION, ETC. | |
| Place of publication, distribution, etc. | NEW DELHI |
| Name of publisher, distributor, etc. | S.CHAND & COMPANY |
| Date of publication, distribution, etc. | 1989 |
| 300 ## - PHYSICAL DESCRIPTION | |
| Extent | 1103: |
| Dimensions | 24CM. |
| 942 ## - ADDED ENTRY ELEMENTS (KOHA) | |
| Koha item type | Books |
| 653 ## - INDEX TERM--UNCONTROLLED | |
| Uncontrolled term | Physics |
| Withdrawn status | Lost status | Damaged status | Not for loan | Collection code | Home library | Current library | Shelving location | Date acquired | Full call number | Barcode | Date last seen | Copy number | Price effective from | Koha item type | Public note |
|---|---|---|---|---|---|---|---|---|---|---|---|---|---|---|---|
| TBPHY | Central Library and Information Centre Sibsagar Girls College | Central Library and Information Centre Sibsagar Girls College | PHYSICS BOOK RACK | 07.03.1985 | 530 SUB | 11872 | 27.02.2020 | 1 | 27.02.2020 | Books | V | ||||
| TBPHY | Central Library and Information Centre Sibsagar Girls College | Central Library and Information Centre Sibsagar Girls College | PHYSICS BOOK RACK | 07.03.1985 | 530 SUB | 11873 | 27.02.2020 | 2 | 27.02.2020 | Books | V | ||||
| TBPHY | Central Library and Information Centre Sibsagar Girls College | Central Library and Information Centre Sibsagar Girls College | PHYSICS BOOK RACK | 07.03.1985 | 530 SUB | 11874 | 27.02.2020 | 3 | 27.02.2020 | Books | V |